| 000 | 01426nam0a2200337 4500 | ||
|---|---|---|---|
| 001 | RU\NLR\bibl\1117809 | ||
| 005 | 20250615063938.0 | ||
| 010 |
_a978-5-94665-583-5 _920000 |
||
| 021 |
_aRU _b2007-45477 _92426 |
||
| 035 | _a(NLR Aleph) 001104806 | ||
| 090 |
_a1200979 _c1200979 |
||
| 100 | _a20070815d2007 |||y0rusy50 ca | ||
| 101 | 0 | _arus | |
| 102 | _aRU | ||
| 105 | _ay ||||||||| | ||
| 200 | 1 |
_aПоурочные разработки по литературному чтению _e2 класс _e[универсальное пособие] _fС.В. Кутявина, Е.С. Гостимская, М.И. Байкова |
|
| 205 | _a3-е изд., перераб. и доп. | ||
| 210 |
_aМосква _cВако _d2007 |
||
| 215 |
_a285 с. _d20 |
||
| 225 | 1 | _aВ помощь школьному учителю | |
| 225 | 1 | _aНовый комплект уроков | |
| 606 | 1 |
_aЛитературное чтение _xУроки _xПланы _xНачальная школа _92302761 _3RU\NLR\auth\661378575 |
|
| 686 | _aЧ426.131(2)-260.21,01 | ||
| 700 | 1 |
_aКутявина _bС. В. _gСветлана Владимировна _4070 |
|
| 701 | 1 |
_aГостимская _bЕ. С. _gЕкатерина Сергеевна _4070 |
|
| 701 | 1 |
_aБайкова _bМ. И. _gМария Ивановна _4070 |
|
| 801 | 0 |
_aRU _bNLR _c20060824 _grcr |
|
| 801 | 1 |
_aRU _bNLR _c20060824 |
|
| 942 | _cBOOK | ||
| 980 | _aNB | ||